[Event "AUTO-ADV-2806"]
[Site "http://www.queenalice.com/game.php?id=1220239"]
[Date "2013.9.26"]
[Round "2"]
[White "vult0"]
[Black "sevenup"]
[Result "0-1"]
[WhiteElo "1927"]
[BlackElo "2109"]

1. d4 e6 2. Nf3 f5 3. c4 Nf6 4. Nc3 Bb4 5. e3 O-O 6. Be2 c5 7. O-O Bxc3 8. bxc3
b6 9. Ne5 d6 10. Nf3 Bb7 11. Ng5 Qe7 12. Nf3 Nbd7 13. Bd3 Ne4 14. Bb2 Ng5 15.
Nxg5 Qxg5 16. g3 Qh6 17. Qe2 e5 18. Bc2 e4 19. Ba4 Nf6 20. Kg2 Ng4 21. h3 Nf6
22. Qd2 Rf7 23. Qe2 Raf8 24. Rad1 Bc8 25. Rh1 f4 26. exf4 Qg6 27. Kf1 Nh5 28.
Bc1 Nxg3+ 29. fxg3 Qxg3 30. Bc6 Rxf4+ 0-1

[Event "AUTO-ADV-2806"]
[Site "http://www.queenalice.com/game.php?id=1220240"]
[Date "2013.9.26"]
[Round "2"]
[White "sevenup"]
[Black "vult0"]
[Result "0-1"]
[WhiteElo "2128"]
[BlackElo "1902"]

1. e4 e5 2. f4 d6 3. Bc4 Nf6 4. Nf3 Nc6 5. Ng5 d5 6. exd5 Nxd5 7. Nc3 Be6 8.
Nxe6 fxe6 9. O-O Bc5+ 10. Kh1 O-O 11. f5 Na5 12. Qe2 Nxc4 13. Qxc4 Bd4 14. fxe6
c6 15. Qe2 Qe7 16. d3 Rxf1+ 17. Qxf1 Rf8 18. Qd1 Qxe6 19. Bd2 Nxc3 20. bxc3 Bb6
21. Qe1 Rf2 22. d4 Rf5 23. Qe2 Qd5 24. a4 exd4 25. a5 Bc7 26. cxd4 Qxd4 27. Qe8+
Rf8 28. Qe6+ Kh8 29. Rd1 Qxd2 0-1

[Event "AUTO-ADV-2806"]
[Site "http://www.queenalice.com/game.php?id=1220243"]
[Date "2013.9.26"]
[Round "2"]
[White "sevenup"]
[Black "Ephystos"]
[Result "1/2-1/2"]
[WhiteElo "2132"]
[BlackElo "2110"]

1. e4 c5 2. f4 d5 3. exd5 Nf6 4. Bb5+ Bd7 5. Bxd7+ Qxd7 6. c4 e6 7. Qe2 Bd6 8.
f5 O-O 9. fxe6 fxe6 10. dxe6 Qc8 11. Nf3 Re8 12. O-O Rxe6 13. Qd1 Nc6 14. Nc3
Qe8 15. d3 h6 16. Bd2 Rd8 17. Nd5 Qh5 18. Nxf6+ Rxf6 19. Bc3 Rxf3 20. Rxf3 Qxh2+
21. Kf2 Ne5 22. Bxe5 Bxe5 23. Qh1 Bd4+ 24. Ke2 Qe5+ 25. Kd1 Re8 26. Qf1 Bxb2
1/2-1/2

[Event "AUTO-ADV-2806"]
[Site "http://www.queenalice.com/game.php?id=1220244"]
[Date "2013.9.26"]
[Round "2"]
[White "Ephystos"]
[Black "sevenup"]
[Result "1-0"]
[WhiteElo "2111"]
[BlackElo "2131"]

1. e4 e6 2. d4 d5 3. Nc3 Bb4 4. e5 c5 5. a3 Bxc3+ 6. bxc3 Qa5 7. Bd2 Qa4 8. Qg4
Kf8 9. Ra2 Nc6 10. Nf3 b6 11. Qf4 Ba6 12. Ng5 Nd8 13. dxc5 Qxf4 14. Bxf4 Bxf1
15. Rxf1 bxc5 16. Rb2 c4 17. Kd2 f6 18. Nf3 g5 19. Bg3 h5 20. exf6 Nxf6 21. Nxg5
Rg8 22. h4 Ke7 23. Re1 Nd7 24. Rb5 Nb6 25. Bc7 Kd7 26. Bxd8 Raxd8 27. Nxe6 Rde8
28. Nf4 Rxe1 29. Kxe1 1-0

[Event "AUTO-ADV-2837"]
[Site "http://www.queenalice.com/game.php?id=1220719"]
[Date "2013.9.28"]
[Round "2"]
[White "sevenup"]
[Black "Luc_2010"]
[Result "0-1"]
[WhiteElo "2149"]
[BlackElo "2184"]

1. e4 d6 2. d4 g6 3. Be3 Bg7 4. Bc4 Nf6 5. Nc3 Nxe4 6. Nxe4 d5 7. Bd3 dxe4 8.
Bxe4 O-O 9. Qd2 Qd6 10. Ne2 Nd7 11. O-O-O Nf6 12. Bd3 Qd5 13. Nc3 Qxg2 14. h4
Bg4 15. Rdg1 Qc6 16. Bh6 Rfd8 17. Bxg7 Kxg7 18. Qf4 Bh5 19. d5 Nxd5 20. Qe5+ Kg8
21. Qxh5 Nxc3 22. bxc3 Qxh1 0-1

[Event "AUTO-ADV-2837"]
[Site "http://www.queenalice.com/game.php?id=1220720"]
[Date "2013.9.28"]
[Round "2"]
[White "Luc_2010"]
[Black "sevenup"]
[Result "1-0"]
[WhiteElo "2228"]
[BlackElo "2129"]

1. c4 e6 2. g4 d5 3. Bg2 Nf6 4. g5 Ne4 5. d3 Nc5 6. d4 Ne4 7. Qd3 Nxg5 8. Nc3
dxc4 9. Qxc4 h6 10. h4 Nh7 11. Nf3 Bd6 12. e4 Nd7 13. Be3 Nb6 14. Qe2 Bd7 15.
O-O-O Qe7 16. a3 c6 17. Ne5 O-O-O 18. a4 Bxe5 19. dxe5 Qb4 20. Rd4 Qa5 21. b4
Qxe5 22. a5 Na8 23. f4 Qf6 24. Rc4 e5 25. Nd5 1-0

[Event "AUTO-ADV-2837"]
[Site "http://www.queenalice.com/game.php?id=1220721"]
[Date "2013.9.28"]
[Round "2"]
[White "sevenup"]
[Black "Ettedualc"]
[Result "0-1"]
[WhiteElo "2113"]
[BlackElo "2299"]

1. e4 g6 2. d4 Bg7 3. Nf3 d6 4. Bc4 Nf6 5. Nc3 O-O 6. Be3 Nxe4 7. Nxe4 d5 8. Bd3
dxe4 9. Bxe4 Nd7 10. Qd2 Re8 11. O-O-O Nf6 12. Bd3 Nd5 13. Bh6 Bg4 14. Bxg7 Kxg7
15. h4 Bxf3 16. gxf3 Qd6 17. h5 Qf4 18. Be4 Qxd2+ 19. Rxd2 c6 20. h6+ Kf6 21. c4
Nc7 22. b3 Rad8 23. f4 Rd6 24. f3 Red8 25. Rhd1 a5 26. a3 Ne6 27. d5 cxd5 28.
Rxd5 b6 29. f5 Rxd5 30. Rxd5 Rxd5 31. cxd5 gxf5 32. dxe6 fxe4 33. exf7 Kxf7 34.
Kd2 exf3 0-1

[Event "AUTO-ADV-2837"]
[Site "http://www.queenalice.com/game.php?id=1220722"]
[Date "2013.9.28"]
[Round "2"]
[White "Ettedualc"]
[Black "sevenup"]
[Result "1-0"]
[WhiteElo "2250"]
[BlackElo "2139"]

1. g4 d5 2. h3 e5 3. Bg2 Nf6 4. g5 Ne4 5. d3 Nxg5 6. Bxg5 Qxg5 7. Bxd5 c6 8. Nf3
Qf6 9. Bb3 Bf5 10. Qd2 Nd7 11. Nc3 Bb4 12. a3 Ba5 13. O-O-O O-O-O 14. Qg5 Rhf8
15. Rdg1 Bg6 16. Ne4 Qf4+ 17. Qxf4 exf4 18. h4 h5 19. Neg5 Bb6 20. Rg2 Nc5 21.
Ba2 Rd7 22. b4 Na4 23. Kd2 Bc7 24. Ne6 fxe6 25. Rxg6 Kb8 26. Rxe6 Nb6 27. Rg1
Nd5 28. Bxd5 Rxd5 29. Rxg7 1-0

[Event "AUTO-ADV-2825"]
[Site "http://www.queenalice.com/game.php?id=1223621"]
[Date "2013.10.10"]
[Round "2"]
[White "sevenup"]
[Black "tewald"]
[Result "1-0"]
[WhiteElo "2122"]
[BlackElo "2012"]

1. e4 e6 2. d4 d5 3. e5 c5 4. Nf3 Nc6 5. Bd3 cxd4 6. O-O Nge7 7. Bf4 Ng6 8. Bg3
Qb6 9. Nbd2 Qxb2 10. Nb3 Qa3 11. Nfxd4 a6 12. Nxc6 bxc6 13. c4 dxc4 14. Bxc4 Qe7
15. Rb1 Bb7 16. Qe2 Qc7 17. f4 Be7 18. f5 exf5 19. Bxf7+ Kf8 20. e6 Qc8 21. Rxf5
Bf6 22. Bd6+ Ne7 23. Rxf6 gxf6 24. Qh5 Qd8 25. Qh6# 1-0

[Event "AUTO-ADV-2825"]
[Site "http://www.queenalice.com/game.php?id=1223622"]
[Date "2013.10.10"]
[Round "2"]
[White "tewald"]
[Black "sevenup"]
[Result "0-1"]
[WhiteElo "1954"]
[BlackElo "2118"]

1. e4 e6 2. d4 d5 3. e5 c5 4. c3 Qb6 5. Nf3 Nc6 6. a3 Nh6 7. Be2 cxd4 8. Nxd4
Nxe5 9. Bf4 Bd6 10. Bb5+ Bd7 11. Bxd7+ Nxd7 12. Bxd6 Qxd6 13. O-O O-O 14. Nd2 e5
15. N4f3 Ng4 16. h3 Ngf6 17. Nc4 Qc7 18. Ncd2 Rfe8 19. Rc1 Rad8 20. Re1 e4 21.
Nd4 a6 22. c4 Nc5 23. Rc3 Qb6 24. b4 Na4 25. c5 Nxc3 26. Qb3 Qc7 27. Qxc3 Nh5
28. Re3 Nf4 29. Kf1 Nd3 30. Kg1 Qf4 31. Re2 Re5 32. g3 Qh6 33. h4 Rh5 34. Kg2
Qg6 35. Kh3 Qf6 36. f4 Nxf4+ 37. gxf4 Qxh4+ 38. Kg2 Qh1+ 39. Kf2 Rh2+ 40. Ke3
Qg1+ 0-1

[Event "AUTO-OPEN-2987"]
[Site "http://www.queenalice.com/game.php?id=1223782"]
[Date "2013.10.11"]
[Round "2"]
[White "santanacampos"]
[Black "sevenup"]
[Result "0-1"]
[WhiteElo "1571"]
[BlackElo "2127"]

1. e4 e6 2. Nf3 d5 3. exd5 exd5 4. Be2 Bd6 5. O-O Ne7 6. Re1 c6 7. d4 Bf5 8. Nh4
Be6 9. a3 Qc7 10. g3 Nd7 11. Bg5 O-O-O 12. c3 f6 13. Be3 g5 14. Nf3 h5 15. h4
gxh4 16. Nxh4 Nf5 17. Nxf5 Bxf5 18. Qb3 Bxg3 19. Nd2 Bxf2+ 20. Bxf2 Rdg8+ 21.
Kf1 Bh3# 0-1

[Event "AUTO-OPEN-2987"]
[Site "http://www.queenalice.com/game.php?id=1223783"]
[Date "2013.10.11"]
[Round "2"]
[White "sevenup"]
[Black "santanacampos"]
[Result "1-0"]
[WhiteElo "2131"]
[BlackElo "1539"]

1. e4 e5 2. f4 Bc5 3. Qh5 Bxg1 4. Qxe5+ Qe7 5. Qxe7+ Nxe7 6. Rxg1 O-O 7. Nc3 c6
8. b3 Re8 9. Bb2 d5 10. O-O-O dxe4 11. Nxe4 Nd5 12. Nd6 Rd8 13. Nxc8 Rxc8 14. g3
Nd7 15. Bh3 Rd8 16. Rge1 N7f6 17. Kb1 h6 18. c4 Nb4 19. Bxf6 gxf6 20. Re7 b6 21.
d4 Re8 22. Rxe8+ Rxe8 23. a3 Na6 24. Bg2 Nb8 25. Rd2 Re1+ 26. Kc2 Nd7 27. Bxc6
Nf8 28. d5 f5 29. d6 Ne6 30. b4 Nd8 31. Bd5 Ra1 32. Kb2 Re1 33. c5 bxc5 34. bxc5
a6 35. c6 Nxc6 36. Bxc6 Re6 37. d7 Rxc6 38. d8=Q+ Kg7 39. Qd4+ Kg6 40. Rc2 Rb6+
41. Ka2 a5 42. Qxb6+ 1-0

[Event "AUTO-OPEN-2987"]
[Site "http://www.queenalice.com/game.php?id=1223788"]
[Date "2013.10.11"]
[Round "2"]
[White "sevenup"]
[Black "sergiogvh"]
[Result "0-1"]
[WhiteElo "2119"]
[BlackElo "2410"]

1. e4 e6 2. d4 d5 3. e5 c5 4. Nf3 Nc6 5. Bd3 cxd4 6. O-O f6 7. Re1 Bb4 8. Nbd2
fxe5 9. Nxe5 Nxe5 10. Rxe5 Nf6 11. Bb5+ Kf8 12. Nf3 Qb6 13. Bd3 Bd7 14. Rg5 h6
15. Re5 Ng4 16. Rh5 Kg8 17. Rh4 e5 18. h3 Nxf2 0-1

[Event "AUTO-OPEN-2987"]
[Site "http://www.queenalice.com/game.php?id=1223789"]
[Date "2013.10.11"]
[Round "2"]
[White "sergiogvh"]
[Black "sevenup"]
[Result "1-0"]
[WhiteElo "2412"]
[BlackElo "2116"]

1. e4 e6 2. d4 d5 3. Nc3 Bb4 4. e5 c5 5. a3 Bxc3+ 6. bxc3 Qa5 7. Bd2 Qa4 8. Qg4
Kf8 9. Nf3 Qxc2 10. Rc1 Qa4 11. Bd3 c4 12. Bc2 Qxa3 13. O-O Nc6 14. Ra1 Qe7 15.
Ng5 h5 16. Qf3 Ke8 17. Nh7 Kd7 18. Rfb1 Kc7 19. Bc1 Bd7 20. Ba3 Qe8 21. Bd6+ Kc8
22. Qxh5 1-0

[Event "AUTO-MASTER-1890"]
[Site "http://www.queenalice.com/game.php?id=1224712"]
[Date "2013.10.15"]
[Round "2"]
[White "ezekiel4a21"]
[Black "sevenup"]
[Result "1/2-1/2"]
[WhiteElo "2286"]
[BlackElo "2107"]

1. Nf3 e6 2. c4 d5 3. d4 f5 4. Nc3 Nf6 5. Bg5 c6 6. e3 Nbd7 7. cxd5 exd5 8. Bd3
g6 9. h3 Bd6 10. Bh6 Ne4 11. O-O Qf6 12. Bf4 Bxf4 13. exf4 O-O 14. Qe1 b6 15.
Qe3 Qe6 16. Rfd1 Bb7 17. Rac1 Rae8 18. Be2 Re7 19. h4 c5 20. b3 Ndf6 21. Nxe4
fxe4 22. dxc5 exf3 23. Qxe6+ Rxe6 24. Bxf3 bxc5 25. Rxc5 Rf7 26. g3 Ne4 27. Rc2
Rfe7 28. b4 Kf7 29. h5 Kf6 30. hxg6 hxg6 31. b5 Rb6 32. a4 a6 33. bxa6 Rxa6 34.
Rd4 Bc6 35. a5 Ba8 36. Ra4 d4 37. Rxd4 Rxa5 38. Rb2 Ra3 39. Rd8 Rxf3 40. Rxa8
Rd3 41. Kg2 Nc5 42. Rb6+ Kf7 43. Rbb8 Ne6 44. Rh8 Kf6 1/2-1/2

[Event "AUTO-MASTER-1890"]
[Site "http://www.queenalice.com/game.php?id=1224713"]
[Date "2013.10.15"]
[Round "2"]
[White "sevenup"]
[Black "ezekiel4a21"]
[Result "0-1"]
[WhiteElo "2146"]
[BlackElo "2300"]

1. e4 c5 2. f4 e6 3. Nf3 Nc6 4. Bb5 Nf6 5. Bxc6 dxc6 6. Qe2 b5 7. d3 Be7 8. O-O
O-O 9. Nc3 Bb7 10. Ng5 h6 11. Nh3 b4 12. Nd1 a5 13. Ne3 a4 14. e5 Nd5 15. f5
Nxe3 16. Bxe3 exf5 17. Rxf5 Bc8 18. Rh5 Re8 19. Rf1 Be6 20. Qf3 Qd7 21. Qg3 Bg4
22. Bxh6 g6 23. e6 Qxe6 24. Re5 Qd7 25. Bg5 Bd6 26. Rxe8+ Rxe8 27. Qh4 Be5 28.
Nf2 Bf5 29. g4 Be6 30. Ne4 Bd4+ 31. Rf2 Bxg4 32. Nf6+ Bxf6 33. Bxf6 Re1+ 34. Rf1
Rxf1+ 35. Kxf1 Qf5+ 36. Kg1 Bh5 37. b3 axb3 38. axb3 Qf3 0-1

[Event "AUTO-MASTER-1890"]
[Site "http://www.queenalice.com/game.php?id=1224716"]
[Date "2013.10.15"]
[Round "2"]
[White "meguinho"]
[Black "sevenup"]
[Result "1-0"]
[WhiteElo "2475"]
[BlackElo "2125"]

1. e4 e6 2. d4 d5 3. Nc3 Bb4 4. e5 c5 5. a3 Bxc3+ 6. bxc3 Qa5 7. Bd2 Qa4 8. Qg4
Kf8 9. Qd1 Nc6 10. Nf3 c4 11. h4 Bd7 12. h5 h6 13. Be2 Ke7 14. Bc1 Re8 15. Qd2
Kd8 16. Bd1 Nge7 17. Rh3 f6 18. exf6 gxf6 19. Nh4 e5 20. Re3 Rhg8 21. Kf1 Bg4
22. Re1 Rg5 23. Bxg4 Rxg4 24. g3 e4 25. Qxh6 Qxc2 26. Qxf6 Qxc3 27. Be3 Rgg8 28.
Qd6+ Kc8 29. Bf4 Qa5 30. Qe6+ Kd8 31. Reb1 1-0

[Event "AUTO-MASTER-1890"]
[Site "http://www.queenalice.com/game.php?id=1224717"]
[Date "2013.10.15"]
[Round "2"]
[White "sevenup"]
[Black "meguinho"]
[Result "1/2-1/2"]
[WhiteElo "2124"]
[BlackElo "2468"]

1. e4 c5 2. f4 e6 3. Nf3 d5 4. Bb5+ Bd7 5. Bxd7+ Nxd7 6. d3 Bd6 7. O-O Ne7 8. c4
O-O 9. Nc3 d4 10. Ne2 f6 11. g4 Nc6 12. f5 Re8 13. Nf4 Bxf4 14. Bxf4 Qe7 15. Rf2
Kh8 16. h4 a5 17. h5 e5 18. Bd2 h6 19. Nh4 Kg8 20. Ng6 Qd6 21. Kg2 Reb8 22. a4
Rc8 23. b3 Ndb8 24. Rb1 Nd8 25. Bc1 Na6 26. Nh4 Nb4 27. Qe2 Kf7 28. Ng6 Rc6 29.
Bd2 Rb6 30. Qf3 Ndc6 31. Re2 Ke8 32. Kg1 Kd8 33. Kf1 Kc8 34. Kg2 Qd8 35. Kg1 Kb8
36. Kg2 Raa6 37. Kg1 Ka7 1/2-1/2

[Event "AUTO-MASTER-1874"]
[Site "http://www.queenalice.com/game.php?id=1230524"]
[Date "2013.11.6"]
[Round "2"]
[White "sevenup"]
[Black "artegasparphb"]
[Result "1-0"]
[WhiteElo "2138"]
[BlackElo "1987"]

1. e4 d5 2. d4 dxe4 3. Nc3 Nc6 4. d5 Ne5 5. Bf4 Qd6 6. Qd2 Bf5 7. Nb5 Qb6 8.
Bxe5 Rc8 9. O-O-O e6 10. dxe6 Bxe6 11. Nxc7+ Ke7 12. Nxe6 fxe6 13. Qd7# 1-0

[Event "AUTO-MASTER-1874"]
[Site "http://www.queenalice.com/game.php?id=1230525"]
[Date "2013.11.6"]
[Round "2"]
[White "artegasparphb"]
[Black "sevenup"]
[Result "0-1"]
[WhiteElo "2112"]
[BlackElo "2112"]

1. d4 e6 2. e4 d5 3. e5 c5 4. Nf3 cxd4 5. Nxd4 Nc6 6. Nxc6 bxc6 7. Bd3 Qc7 8.
Qe2 Ne7 9. O-O Ng6 10. f4 Bc5+ 11. Kh1 O-O 12. Nd2 f6 13. Nf3 Bb6 14. Bxg6 hxg6
15. Nh4 Kf7 16. Qg4 Ba6 17. Qxg6+ Kg8 18. Rf3 Qf7 19. Rh3 fxe5 20. Qxf7+ Rxf7
21. Ng6 Rff8 22. Rh8+ Kf7 23. Nxe5+ Kf6 24. Nd7+ Kf7 25. Nxf8 Rxf8 26. Rxf8+
Kxf8 27. Bd2 Kf7 28. g4 Kf6 29. Kg2 c5 30. h4 d4 31. Re1 Bb7+ 32. Kg3 c4 33. g5+
Kf7 34. Re5 g6 35. a4 Bd5 36. Bb4 d3 37. cxd3 cxd3 38. Bc3 Bd4 39. Re1 Bxc3 40.
bxc3 Bb3 41. Ra1 d2 42. Kf2 d1=Q 43. Rxd1 Bxd1 44. a5 e5 45. Ke3 exf4+ 46. Kxf4
Ke6 47. Ke4 Bc2+ 48. Kd4 Kf5 49. c4 Kg4 50. c5 Kxh4 51. c6 Kxg5 52. Kc5 Kf4 53.
c7 Bf5 54. Kc6 Bc8 55. Kd6 g5 56. Ke7 g4 57. Kd8 Bf5 58. c8=Q Bxc8 0-1

[Event "AUTO-MASTER-1874"]
[Site "http://www.queenalice.com/game.php?id=1230526"]
[Date "2013.11.6"]
[Round "2"]
[White "sevenup"]
[Black "MrGreen"]
[Result "0-1"]
[WhiteElo "2130"]
[BlackElo "2556"]

1. e4 e5 2. f4 exf4 3. Bc4 Qh4+ 4. Kf1 d6 5. d4 Bg4 6. Nf3 Qf6 7. Nc3 Ne7 8. e5
dxe5 9. dxe5 Qh6 10. Nd5 Nxd5 11. Qxd5 Be6 12. Qe4 Bc5 13. Bxf4 Qg6 14. Bd3 Qxe4
15. Bxe4 Nd7 16. Ke2 O-O-O 17. Rhd1 Rde8 18. b4 Bxb4 19. Rab1 Bc4+ 20. Bd3 Bxd3+
21. cxd3 Bd6 22. d4 f6 23. Rb5 a6 24. Ra5 Nb6 25. Rb1 Nc4 26. Ra4 fxe5 27. Bxe5
Nxe5 28. dxe5 Bxe5 0-1

[Event "AUTO-MASTER-1874"]
[Site "http://www.queenalice.com/game.php?id=1230527"]
[Date "2013.11.6"]
[Round "2"]
[White "MrGreen"]
[Black "sevenup"]
[Result "1-0"]
[WhiteElo "2565"]
[BlackElo "2120"]

1. Nf3 e6 2. e4 d5 3. Nc3 d4 4. Ne2 c5 5. c3 Nc6 6. cxd4 Nf6 7. dxc5 Bxc5 8. Nc3
O-O 9. Be2 e5 10. O-O Nd4 11. d3 Re8 12. Bg5 Nxf3+ 13. Bxf3 Be6 14. Rc1 Bd4 15.
Qd2 h6 16. Be3 Rc8 17. b3 Qb6 18. Bxd4 exd4 19. Ne2 Nd7 20. Nf4 Ne5 21. Be2 Qd6
22. Nxe6 Qxe6 23. f4 Nc6 24. h3 Rc7 25. Rc4 Qc8 26. Rfc1 Ree7 27. Bg4 Qd8 28. e5
Qd5 29. b4 a6 30. a4 f6 31. Bf3 Qf7 32. b5 1-0